000 00552nam a22001697a 4500
999 _c185186
_d185186
005 20220131112523.0
010 _aENG-131330
020 _a9789353228675
_c275.00
035 _aEN-114862
037 _bDBAD
082 _a000
245 _aCentral Teacher Eligibility Test Mathematics & Science/
_b15 Practice Sets:
260 _aNew Delhi
_bPrabhat Exam
_c2021
270 _bNew Delhi
_a4/19, Asaf Ali Road
_e110002
_k23289555, 23289666, 23289777
_mprabhatbooks@gmail.com
300 _a224p.
_c28cm(pbk)
942 _2ddc
_cEN
_h000
_mCEN